L'Épisode napoléonien (Record no. 177789)

MARC details
000 -LEADER
campo de control de longitud fija 01005nam a22002775i 4500
001 - NÚMERO DE CONTROL
campo de control 177789
003 - IDENTIFICADOR DE NÚMERO DE CONTROL
campo de control ES-MaACL
005 - FECHA Y HORA DE LA ÚLTIMA TRANSACCIÓN
campo de control 20250808062127.0
008 - DATOS DE LONGITUD FIJA--INFORMACIÓN GENERAL
campo de control de longitud fija 110426s1972 fr ab |||| | fre d
080 ## - NÚMERO DE LA CLASIFICACIÓN DECIMAL UNIVERSAL
Número de la Clasificación Decimal Universal 94(44)"1799/1815"
100 1# - ENTRADA PRINCIPAL--NOMBRE DE PERSONA
Nombre de persona Bergeron, Louis.
9 (RLIN) 27980
245 12 - MENCIÓN DEL TÍTULO
Título L'Épisode napoléonien
Resto del título : aspects intérieurs, 1799-1815.
260 ## - PUBLICACIÓN, DISTRIBUCIÓN, ETC.
Lugar de publicación, distribución, etc. [París] :
Nombre del editor, distribuidor, etc. Éditions du Seuil,
Fecha de publicación, distribución, etc. imp. 1972.
300 ## - DESCRIPCIÓN FÍSICA
Extensión 2 v. :
Otras características físicas il. bl. y n. ;
Dimensiones 18 cm.
490 1# - MENCIÓN DE SERIE
Mención de serie Nouvelle histoire de la France contemporaine ;
Designación de volumen o secuencia 4-5
500 ## - NOTA GENERAL
Nota general Índices.
504 ## - NOTA DE BIBLIOGRAFÍA, ETC.
Nota de bibliografía, etc. Bibliografía.
505 80 - NOTA DE CONTENIDO CON FORMATO
Nota de contenido con formato Contiene: vol. I. Aspects intérieurs / Louis Bergeron.- Vol. II. Aspects extérieurs / J. Lovie, A. Palluel-Guillard
546 ## - NOTA DE IDIOMA
Nota de lengua/lenguaje Texto en francés.
650 #4 - PUNTO DE ACCESO ADICIONAL DE MATERIA--TÉRMINO DE MATERIA
Término de materia o nombre geográfico como elemento de entrada
9 (RLIN) 241201
700 1# - ENTRADA AGREGADA--NOMBRE PERSONAL
Nombre de persona Lovie, J.
9 (RLIN) 146271
700 1# - ENTRADA AGREGADA--NOMBRE PERSONAL
Nombre de persona Palluel-Guillard, A.
9 (RLIN) 146272
830 00 - PUNTO DE ACCESO ADICIONAL DE SERIE-TÍTULO UNIFORME
Título uniforme Nouvelle histoire de la France contemporaine
Designación de volumen o secuencia 4-5
9 (RLIN) 190594
852 ## - LOCALIZACIÓN
Ubicación ES-MaACL
Número de control de estantería E-14995-96
Encuadernación Olim P-123
Holdings
Estatus retirado Estado de pérdida Estado de daño No para préstamo Biblioteca de origen Biblioteca actual Ubicación en estantería Fecha de adquisición Fuente de adquisición Total de préstamos Signatura topográfica completa Código de barras Visto por última vez Precio de reemplazo Tipo de ítem Koha
        Biblioteca del Ateneo de Madrid Biblioteca del Ateneo de Madrid Depósito 2 26/04/2011     E-14995-96 1186773 23/02/2023 23/02/2023 Libro impreso